|
|
|
|
| LEADER |
02237nam a2200289 u 4500 |
| 001 |
10039459 |
| 003 |
GR-PaULI |
| 005 |
20241120132243.0 |
| 008 |
010307m1965 gr eng |
| 040 |
|
|
|a GR-PaULI
|c GR-PaULI
|b gre
|e AACR2
|
| 041 |
0 |
|
|a eng
|a fre
|
| 082 |
0 |
4 |
|a 888.6
|
| 245 |
1 |
0 |
|a Κοραής :
|b άπαντα τα πρωτότυπα έργα /
|c αναστύλωσε και έκρινε Γ. Βαλέτας.
|
| 260 |
|
|
|a Αθήνα :
|b Δωρικός,
|c 1965.
|
| 300 |
|
|
|a 4 τ. ;
|c 25 εκ.
|
| 490 |
1 |
|
|a Νεοελληνική βιβλιοθήκη
|
| 500 |
|
|
|a Περιλαμβάνει ευρετήριο.
|
| 505 |
0 |
|
|a τ. 1-1. Εθνεγερτικά και πατριωτικά δοκίμια, πολιτικοκοινωνικοί διάλογοι, αυτοσχέδιοι στοχασμοί για τηνπαιδεία και τη γλώσσα, ανθρωπιστικά προλεγόμενα, αντιρρητικά και απολογητικά κατα Κοδρικά φυλλάδια, μύθοι, στιχουργήματα -- τ.2-1. Επιστολές (1774-1814). - ιδ', 904 σ. --
|a τ.1-2 Άπαντα τα πρωτότυπα έργα -- τ.2-2. Επιστολές (1815-1833). - 862 σ.
|
| 700 |
1 |
|
|a Βαλέτας, Γ.
|d 1907-1989
|q (Γιώργος),
|4
|e επιμελητής.
|9 80024
|
| 830 |
|
|
|9 193562
|a Νεοελληνική βιβλιοθήκη (Δωρικός)
|
| 942 |
|
|
|2 ddc
|c BK15
|
| 952 |
|
|
|0 0
|1 0
|2 ddc
|3 τ.2.1
|4 0
|6 888_600000000000000_ΒΑΛ
|7 0
|9 26025
|a LISP
|b LISP
|c BSC
|d 2016-04-24
|i 057707
|l 0
|o 888.6 ΒΑΛ
|p 025000079868
|r 2016-04-24 00:00:00
|t 1
|w 2016-04-24
|y BK15
|
| 952 |
|
|
|0 0
|1 0
|2 ddc
|3 τ.2.2
|4 0
|6 888_600000000000000_ΒΑΛ
|7 0
|9 26026
|a LISP
|b LISP
|c BSC
|d 2016-04-24
|i 057708
|l 0
|o 888.6 ΒΑΛ
|p 025000079872
|r 2016-04-24 00:00:00
|t 1
|w 2016-04-24
|y BK15
|
| 952 |
|
|
|0 0
|1 0
|2 ddc
|3 τ.1.1
|4 0
|6 888_600000000000000_ΚΟΡ
|7 0
|9 377507
|a LISP
|b LISP
|c DON
|d 2024-02-13
|e ΣΩΤ
|i 363739
|l 0
|o 888.6 ΚΟΡ
|p 025000306790
|r 2024-02-13 00:00:00
|t 1
|w 2024-02-13
|y BK15
|
| 952 |
|
|
|0 0
|1 0
|2 ddc
|3 τ.1.2
|4 0
|6 888_600000000000000_ΚΟΡ
|7 0
|9 377508
|a LISP
|b LISP
|c DON
|d 2024-02-13
|e ΣΩΤ
|i 363740
|l 0
|o 888.6 ΚΟΡ
|p 025000306791
|r 2024-02-13 00:00:00
|t 1
|w 2024-02-13
|y BK15
|
| 998 |
|
|
|c ΔΡΑΚΟΠΟΥΛΟΥ
|d 2001-03
|
| 999 |
|
|
|c 16577
|d 16577
|